Get the Picture: Pokémon Starters Quiz Stats

 Plays Quiz Updated Mar 24, 2019

Score 0/15 Timer 03:00
2 Plays Today
Question Answer Wrong Answers
Charmander Fire
93.3%
Grass
1.7%
Water
1.2%
Torchic Fire
93.1%
Grass
2.1%
Water
1%
Squirtle Water
92.4%
Fire
2%
Grass
2.2%
Chimchar Fire
92.1%
Grass
2.6%
Water
1.4%
Treecko Grass
91.4%
Fire
3.2%
Water
1.7%
Bulbasaur Grass
88.1%
Fire
3.9%
Water
4.3%
Totodile Water
85.5%
Fire
3.7%
Grass
7.2%
Piplup Water
82.6%
Fire
4.6%
Grass
9.1%
Snivy Grass
82.5%
Fire
6.1%
Water
7.8%
Cyndaquil Fire
81.8%
Grass
5.9%
Water
8.7%
Oshawott Water
81.1%
Fire
6.2%
Grass
9.1%
Turtwig Grass
80.9%
Fire
4.7%
Water
10.8%
Mudkip Water
80.3%
Fire
2.9%
Grass
13.1%
Chikorita Grass
77%
Fire
16.8%
Water
2.6%
Tepig Fire
73.3%
Grass
17.4%
Water
5.7%

Today's Daily Dose

Missing Word
Sherlocks

Word Ladder
King of the Hill

Quick Pick
Songs in Pink

Get the Picture
NBA Teammates

You're not logged in!

Compare scores with friends on all Sporcle quizzes.
OR
Log In

Sporcle TV

Today on Sporcle TV


Watch our educational content, quiz creation guides, and fun videos on Sporcle TV.

Show Comments

Extras

Top Quizzes Today


Score Distribution

Your Account Isn't Verified!

In order to create a playlist on Sporcle, you need to verify the email address you used during registration. Go to your Sporcle Settings to finish the process.

Report this User

Report this user for behavior that violates our Community Guidelines.

Details: